Tilastot visalle Sanat - "Matkalla Alabamaan" - Popeda

Klikkaa tästä pelataksesi tätä visaa!

Yleistilastot

  • Tätä visaa on pelattu 87 kertaa
  • Keskiarvotulos 50 / 82

Vastaustilastot

Sanat% Oikein
matkalla
87%
matkalla
87%
matkalla
87%
matkalla
87%
matkalla
87%
matkalla
87%
matkalla
87%
Alabamaan
85%
Alabamaan
85%
Alabamaan
85%
Alabamaan
85%
Alabamaan
85%
Alabamaan
85%
Alabamaan
85%
olen
84%
Olen
84%
olen
84%
Olen
84%
Olen
84%
Olen
84%
Olen
84%
olen
84%
Mennään
76%
Mennään
76%
Pullat
75%
Pullat
75%
Pullat
75%
yhdessä
74%
yhdessä
74%
mestarileipuri
71%
mestarileipuri
71%
Mestarileipuri
71%
mestarileipuri
71%
Mestarileipuri
71%
Mestarileipuri
71%
oon
71%
oon
71%
oon
71%
oon
71%
oon
71%
oon
71%
pystyyn
69%
pystyyn
69%
pystyyn
69%
Hei
68%
Hei
68%
Hei
68%
leipomoon
66%
leipomoon
66%
hiivat
57%
tyttö
56%
tyttö
56%
tyttö
56%
tyttö
56%
ukkomies
56%
tosta
54%
vaan
54%
Heitän
53%
kaupungin
51%
tavoitelluin
50%
Ja
43%
leipomaan
43%
Kas
41%
Kas
41%
Kas
41%
taikinaa
32%
vaivaan
31%
Vaivaan,
31%
jauhot
26%
pidän
25%
pöllähtää
25%
Tule
25%
makeista
24%
munkeista
24%
Itse
22%
tää
22%
Vain
22%
uunissa
21%
muhii
16%
kuumassa
15%
aikansa
13%
Taikinamöykky
12%

Tulosjakauma

Persentiili vastausten määrän mukaan

Jokaisen tuloksen saaneiden osuus

Tuloshistoriasi

Et ole pelannut tätä visaa